Camino a la extinción /

Guardado en:
Autor Corporativo: TVE.
Formato: Deslizar
Publicado: España, 2006.
Series:Capítulo 5 - Voces Contra la Globalización
Materias:
Etiquetas: Agregar Etiqueta
Sin Etiquetas, Sea el primero en etiquetar este registro!
LEADER 00992ngm a22003015g 4500
001 CEM.cems023003
008 130507s2006##################0###0#####d
005 20241202133723.0
245 1 0 |a Camino a la extinción /  |c TVE. 
260 |a España,  |c 2006. 
300 |a 45'. 
490 0 |a Capítulo 5 - Voces Contra la Globalización 
500 |a Consultar en ventanilla. 
505 0 |a El calentamiento global y su amenaza. La insensibilidad de los políticos y la despreocupación de los ciudadanos. 
538 |a Soporte: DVD - Color: Si - Grabación DRD 2011 
590 |a Identificación SIABUC: DVD Nº 22 
110 2 |a TVE. 
082 3 2 |/ GLO 
653 |a CALENTAMIENTO GLOBAL 
653 |a MEDIO AMBIENTE 
653 |a ECOLOGIA 
653 |a CLIMA 
653 |a CAMBIOS CLIMATICOS 
653 |a DOCUMENTAL 
653 |a SERIE DE TELEVISIÓN 
653 |a NIVEL PRIMARIO 
653 |a NIVEL SECUNDARIO 
859 |a CEMS  |b BIB. CEMS - Depto. Recursos Didacticos  |h 320  |i GLO  |k DRD  |p 1646.12  |t Ej.1